Nelson Textbook of Pediatrics. (Record no. 6894)

MARC details
000 -LEADER
fixed length control field 00996cam a2200277 a 4500
001 - CONTROL NUMBER
control field 1673111
003 - CONTROL NUMBER IDENTIFIER
control field OSt
005 - DATE AND TIME OF LATEST TRANSACTION
control field 20231030072513.0
008 - FIXED-LENGTH DATA ELEMENTS--GENERAL INFORMATION
fixed length control field 981103s2000 paua b 001 0 eng c
010 ## - LIBRARY OF CONGRESS CONTROL NUMBER
LC control number 98050604
020 ## - INTERNATIONAL STANDARD BOOK NUMBER
International Standard Book Number 0721677673
040 ## - CATALOGING SOURCE
Original cataloging agency DNLM/DLC
Transcribing agency DLC
Modifying agency DLC
050 00 - LIBRARY OF CONGRESS CALL NUMBER
Classification number RJ45
Item number .N4 2000
082 00 - DEWEY DECIMAL CLASSIFICATION NUMBER
Classification number WS 100 B331n 2000
100 ## - MAIN ENTRY--PERSONAL NAME
Personal name Edited by Behrman, Richard E.; Kliegman, Robert; Jenson, Hal B.
9 (RLIN) 16817
245 00 - TITLE STATEMENT
Title Nelson Textbook of Pediatrics.
250 ## - EDITION STATEMENT
Edition statement 16th ed.
260 ## - PUBLICATION, DISTRIBUTION, ETC. (IMPRINT)
Place of publication, distribution, etc. Philadelphia :
Name of publisher, distributor, etc. W.B. Saunders Co.,
Date of publication, distribution, etc. 2000.
300 ## - PHYSICAL DESCRIPTION
Extent xlvii, 2414 p. :
Other physical details ill. ;
Dimensions 28 cm.
504 ## - BIBLIOGRAPHY, ETC. NOTE
Bibliography, etc Includes bibliographical references and index.
650 #0 - SUBJECT ADDED ENTRY--TOPICAL TERM
Topical term or geographic name as entry element Pediatrics.
9 (RLIN) 3353
906 ## - LOCAL DATA ELEMENT F, LDF (RLIN)
a 7
b cbc
c orignew
d 1
e ocip
f 19
g y-gencatlg
942 ## - ADDED ENTRY ELEMENTS (KOHA)
Source of classification or shelving scheme Other/Generic Classification Scheme
Koha item type Open Shelf
Holdings
Withdrawn status Lost status Source of classification or shelving scheme Damaged status Not for loan Home library Current library Date acquired Source of acquisition Inventory number Total Checkouts Total Renewals Full call number Barcode Date last seen Date last checked out Koha item type
    Other/Generic Classification Scheme     MUST Main Library MUST Main Library 29/04/2021 Donation 04/21958 2 1 WS 100 B331Nn 2000 2021-0454 30/01/2023 16/01/2023 Open Shelf